[Event "Reunion op 14th"]
[Site "St Denis"]
[Date "2012.10.11"]
[Round "7"]
[White "Fontaine, Willy"]
[Black "Romain, Juliane"]
[Result "1-0"]
[WhiteElo "1610"]
[BlackElo "1367"]
[PlyCount "119"]
[EventDate "2012.10.06"]
[EventType "swiss"]
[EventRounds "9"]
[EventCountry "RUF"]
[SourceTitle "EXT 2013"]
[Source "ChessBase"]
[SourceDate "2012.11.22"]
[SourceVersion "1"]
[SourceVersionDate "2012.11.22"]
[SourceQuality "1"]

1. e4 e5 2. Nf3 Nc6 3. c3 Be7 4. Bc4 Nf6 5. d3 O-O 6. O-O d5 7. exd5 Nxd5 8.
Bxd5 Qxd5 9. c4 Qd8 10. h3 Bf5 11. Re1 Bf6 12. Nc3 Qxd3 13. Qxd3 Bxd3 14. Nd5
e4 15. Nxf6+ gxf6 16. Nd2 f5 17. Nb3 Bxc4 18. Bf4 Bxb3 19. axb3 Nd4 20. Re3 Nc2
21. Rg3+ Kh8 22. Rc1 Nb4 23. Rxc7 Nd5 24. Be5+ f6 25. Rgg7 Rfd8 26. Rxh7+ Kg8
27. Rcg7+ Kf8 28. Rf7+ Kg8 29. Bd4 b6 30. Rfg7+ Kf8 31. g4 Rd6 32. g5 a5 33.
gxf6 Nxf6 34. Rf7+ Kg8 35. Rhg7+ Kh8 36. Be5 Re6 37. Bc3 Rc6 38. Kf1 b5 39. Rg6
b4 40. Bxf6+ Rxf6 41. Rfxf6 Kh7 42. Rg1 Rc8 43. Rxf5 Kh6 44. Rf4 Kh5 45. Rxe4
Rc1+ 46. Re1 Rc8 47. Re5+ Kh6 48. Rxa5 Rb8 49. Ra6+ Kh5 50. Ra7 Kh6 51. h4 Rb5
52. Rg3 Rb6 53. Ra8 Kh7 54. h5 Rb5 55. Ra7+ Kh8 56. Rd3 Rb8 57. f4 Kg8 58. h6
Kh8 59. f5 Kg8 60. f6 1-0

[Event "USA tt"]
[Site "ICC INT"]
[Date "2012.10.09"]
[Round "6"]
[White "Katz, Alexander R"]
[Black "Getz, Alec S"]
[Result "1/2-1/2"]
[WhiteElo "2217"]
[BlackElo "2341"]
[PlyCount "123"]
[EventDate "2012.09.04"]
[EventType "team-tourn"]
[EventRounds "10"]
[EventCountry "USA"]
[SourceTitle "CBM 150 Extra"]
[Source "ChessBase"]
[SourceDate "2012.10.19"]
[SourceVersion "1"]
[SourceVersionDate "2012.10.19"]
[SourceQuality "1"]
[WhiteTeam "New York"]
[BlackTeam "Dallas"]
[WhiteTeamCountry "USA"]
[BlackTeamCountry "USA"]

1. e4 e5 2. Nf3 Nc6 3. c3 Nf6 4. d4 Qe7 5. d5 Nb8 6. Qc2 g6 7. c4 Bg7 8. Nc3
O-O 9. Be3 d6 10. Be2 Ng4 11. Bg5 f6 12. Bh4 Nd7 13. Nb5 Nc5 14. h3 Nh6 15. b4
Na6 16. Qd2 Nf7 17. O-O Bh6 18. Qc3 c5 19. dxc6 bxc6 20. Na3 c5 21. Nc2 Bb7 22.
b5 Nc7 23. Bd3 Ne6 24. Nh2 Bg5 25. Bg3 Bf4 26. Ng4 Nfg5 27. Rae1 h5 28. Nh2
Bxg3 29. fxg3 Nd4 30. Nxd4 cxd4 31. Qd2 Ne6 32. Nf3 Nc5 33. Nh4 Kg7 34. Qe2 Bc8
35. Rb1 Be6 36. Nf3 Rfb8 37. Ra1 Qd8 38. Kh2 Na4 39. Ne1 Qc7 40. Nc2 Qc5 41.
Rfc1 Rc8 42. Qd2 a5 43. bxa6 Nc3 44. a3 Rxa6 45. Nb4 Ra4 46. Bc2 Ra7 47. Nd5
Bxd5 48. cxd5 Rxa3 49. Rxa3 Qxa3 50. Rf1 Qb2 51. Qf2 Rf8 52. g4 hxg4 53. hxg4
g5 54. Kg3 Qb5 55. Rh1 Ne2+ 56. Kf3 d3 57. Qa7+ Rf7 58. Rh7+ Kxh7 59. Qxf7+ Kh6
60. Qxf6+ Kh7 61. Qf7+ Kh6 62. Qf6+ 1/2-1/2

[Event "RN-2012-0-00542"]
[Site "Lechenicher SchachServer"]
[Date "2012.10.09"]
[Round "?"]
[White "Tobey, Al"]
[Black "Cherry, Brian"]
[Result "0-1"]
[WhiteElo "554"]
[BlackElo "686"]
[PlyCount "58"]
[EventDate "2012.09.29"]

1. e4 e5 2. Nf3 Nc6 3. c3 Nf6 4. d3 d5 5. exd5 Ne7 6. Nxe5 Qxd5 7. d4 b5 8. Qf3
a6 9. Be2 Bb7 10. c4 Qxf3 11. Nxf3 b4 12. a4 a5 13. O-O Nf5 14. Re1 Be7 15. c5
Rd8 16. Bb5+ c6 17. Bc4 O-O 18. Ne5 Rxd4 19. Nd3 Rxc4 20. b3 Re4 21. f3 Rxe1+
22. Nxe1 Re8 23. Nd3 Nd7 24. Nd2 Nxc5 25. Nf4 Bf6 26. Rb1 Bd4+ 27. Kf1 Ba6+ 28.
Nc4 Ne3+ 29. Kf2 Nxc4+ 0-1

[Event "FICS rated standard game"]
[Site "FICS freechess.org"]
[Date "2012.10.09"]
[Round "?"]
[White "Webkikr"]
[Black "pitulin"]
[Result "1-0"]
[WhiteElo "2305"]
[BlackElo "2245"]
[PlyCount "95"]
[EventDate "2012.??.??"]
[SourceTitle "OM Portal C 201906"]
[Source "Opening Master"]
[SourceDate "2019.06.27"]
[SourceVersion "1"]
[SourceVersionDate "2019.06.27"]
[SourceQuality "1"]

1. e4 e5 2. Nf3 Nc6 3. c3 Be7 4. d4 d6 5. Bd3 exd4 6. cxd4 Nf6 7. Nc3 O-O 8. h3
Nb4 9. Bb1 c5 10. d5 Qa5 11. O-O Bd7 12. a3 c4 13. Bg5 Na6 14. e5 dxe5 15. Nxe5
Rfd8 16. Nxc4 Qc5 17. Qd3 g6 18. b4 Qc8 19. d6 Be6 20. Qf3 Bf8 21. Na5 Bg7 22.
Nxb7 Rd7 23. Bxf6 Bxf6 24. Qxf6 Rxb7 25. Be4 Qd7 26. Qd4 Rc8 27. Bxb7 Qxb7 28.
Ne4 Nb8 29. Nf6+ Kf8 30. Nxh7+ Kg8 31. Nf6+ Kf8 32. Nh5 f6 33. Qxf6+ Qf7 34.
Qh8+ Qg8 35. Qh6+ Kf7 36. Rae1 Qh8 37. Qf4+ Bf5 38. Re7+ Kg8 39. Rg7+ Qxg7 40.
Nxg7 Kxg7 41. Re1 Nc6 42. b5 Kg8 43. bxc6 Rxc6 44. Re7 Rc1+ 45. Qxc1 Be6 46.
Rxe6 Kh8 47. Rxg6 Kh7 48. Qh6# 1-0

[Event "FICGS__CHESS__CLASS_F__000117"]
[Site "FICGS"]
[Date "2012.10.08"]
[Round "1"]
[White "Melquiades, Jay"]
[Black "Pechova, Hana"]
[Result "0-1"]
[WhiteElo "1003"]
[BlackElo "832"]
[PlyCount "44"]
[EventDate "2012.??.??"]

1. e4 e5 2. Nf3 Nc6 3. c3 Nf6 4. Bb5 Nxe4 5. O-O Nd6 6. Bxc6 dxc6 7. Nxe5 Be7
8. Qf3 O-O 9. d3 Re8 10. Be3 f6 11. Ng4 h5 12. Nd2 Bxg4 13. Qg3 Nf5 14. Qf4 b5
15. Rad1 Bd6 16. Ne4 Bxf4 17. Bxf4 Bxd1 18. Rxd1 Rxe4 19. g3 Rxf4 20. gxf4 Qd5
21. c4 Qf3 22. Re1 Nh4 0-1

[Event "corr freechess 2012"]
[Site "freechess.de"]
[Date "2012.10.08"]
[Round "?"]
[White "Kuch, Reinhard"]
[Black "Sinner, Matthias"]
[Result "1-0"]
[WhiteElo "1331"]
[BlackElo "1540"]
[PlyCount "77"]
[EventDate "2012.??.??"]
[EventType "tourn (corr)"]
[SourceTitle "OM Corr 202003"]
[Source "Opening Master"]
[SourceDate "2019.05.30"]
[SourceVersion "2"]
[SourceVersionDate "2019.05.30"]
[SourceQuality "1"]

1. e4 e5 2. Nf3 Nc6 3. c3 a6 4. d4 exd4 5. cxd4 d5 6. exd5 Qxd5 7. Nc3 Bb4 8.
Bd2 Bxc3 9. Bxc3 Bg4 10. Be2 O-O-O 11. Ne5 Bxe2 12. Qxe2 Re8 13. O-O Nxd4 14.
Bxd4 f6 15. Qg4+ Qe6 16. Qxe6+ Rxe6 17. Nf7 Nh6 18. Nxh8 Re8 19. Be3 Rxh8 20.
Bxh6 gxh6 21. Rfe1 Rg8 22. g3 Rg7 23. Rad1 c6 24. Re2 h5 25. h4 f5 26. f4 Rxg3+
27. Rg2 Rg4 28. Rxg4 hxg4 29. Kf2 b5 30. b4 Kc7 31. Ke3 h5 32. Kd4 Kb6 33. Rc1
a5 34. bxa5+ Kxa5 35. Rxc6 Kb4 36. Rc5 Ka4 37. Rxf5 Ka3 38. Rxb5 Kxa2 39. Rxh5
1-0

[Event "FICS rated standard game"]
[Site "FICS freechess.org"]
[Date "2012.10.08"]
[Round "?"]
[White "GMFIKIL"]
[Black "diegodon"]
[Result "1-0"]
[WhiteElo "2059"]
[BlackElo "2002"]
[PlyCount "27"]
[EventDate "2012.??.??"]
[SourceTitle "OM Portal C 201906"]
[Source "Opening Master"]
[SourceDate "2019.06.27"]
[SourceVersion "1"]
[SourceVersionDate "2019.06.27"]
[SourceQuality "1"]

1. e4 e5 2. c3 Nc6 3. Nf3 d5 4. exd5 Qxd5 5. c4 Qc5 6. Nc3 Bf5 7. Nh4 Be6 8. d3
O-O-O 9. Bd2 g5 10. Bxg5 f6 11. Be3 Qa5 12. a3 Bxc4 13. Qg4+ Kb8 14. Qxc4 1-0

[Event "CZE-chTW U20 1213"]
[Site "Czechia"]
[Date "2012.10.07"]
[Round "4.4"]
[White "Tulis, Jan"]
[Black "Zolnercik, Martin"]
[Result "1-0"]
[WhiteElo "1545"]
[BlackElo "1511"]
[PlyCount "139"]
[EventDate "2012.10.06"]
[EventType "team-tourn"]
[EventRounds "11"]
[EventCountry "CZE"]
[SourceTitle "EXT 2015"]
[Source "ChessBase"]
[SourceDate "2014.11.20"]
[SourceVersion "1"]
[SourceVersionDate "2014.11.20"]
[SourceQuality "1"]
[WhiteTeam "Policka (U20)"]
[BlackTeam "Praha Bohemians (U20)"]
[WhiteTeamCountry "CZE"]
[BlackTeamCountry "CZE"]

1. e4 e5 2. Nf3 Nc6 3. c3 Nf6 4. d4 Nxe4 5. d5 Nb8 6. Nxe5 Qf6 7. Ng4 Qf5 8. f3
Nf6 9. Nxf6+ Qxf6 10. Be3 Be7 11. Nd2 O-O 12. Ne4 Qg6 13. Qd2 Re8 14. O-O-O d6
15. Bd3 Bf5 16. g4 Bxe4 17. Bxe4 Qf6 18. h4 Bf8 19. Bd4 Qd8 20. Qd3 h6 21. f4
c5 22. dxc6 Nxc6 23. g5 h5 24. g6 Re7 25. gxf7+ Kxf7 26. Bd5+ Ke8 27. Rde1 Kd7
28. Qf5+ Kc7 29. Kd2 Kb8 30. Rxe7 Bxe7 31. Re1 Nxd4 32. cxd4 Qa5+ 33. Kd1 Qa4+
34. Kc1 Bf6 35. Qe6 Kc7 36. Re2 Rd8 37. Rc2+ Kb8 38. Qf7 Qd7 39. Be6 Qxf7 40.
Bxf7 Bxd4 41. Bxh5 Rh8 42. Bg4 Be3+ 43. Kd1 a6 44. h5 Bxf4 45. Rf2 Rf8 46. Ke2
Re8+ 47. Kd1 Re4 48. Bf5 Rd4+ 49. Kc2 Be5 50. b3 Rh4 51. Bg6 Bf6 52. Rd2 Kc7
53. Kd3 Kb6 54. Re2 d5 55. Re6+ Kb5 56. a4+ Kc5 57. Re3 Kb4 58. Kc2 Rh2+ 59.
Kd1 Bc3 60. Bf7 Rd2+ 61. Kc1 Kxb3 62. a5 Kc4 63. Rg3 Be5 64. Rg5 Bf4 65. Rf5
Be3 66. Kb1 Bc5 67. Rg5 Ba3 68. Rxg7 Kb3 69. Rg3+ Kb4 70. Rh3 1-0

[Event "HUN-chT2 Barcza 1213"]
[Site "Hungary"]
[Date "2012.10.07"]
[Round "2.6"]
[White "Karacsony, Zsolt"]
[Black "Kalyinka, Roland"]
[Result "1/2-1/2"]
[WhiteElo "2064"]
[BlackElo "2054"]
[PlyCount "34"]
[EventDate "2012.09.16"]
[EventType "team-tourn"]
[EventRounds "11"]
[EventCountry "HUN"]
[SourceTitle "EXT 2014"]
[Source "ChessBase"]
[SourceDate "2013.11.20"]
[SourceVersion "1"]
[SourceVersionDate "2013.11.20"]
[SourceQuality "1"]
[WhiteTeam "Sajoszentpeter"]
[BlackTeam "Edeleny"]
[WhiteTeamCountry "HUN"]
[BlackTeamCountry "HUN"]

1. e4 e5 2. Nf3 Nc6 3. c3 Nf6 4. d4 exd4 5. e5 Nd5 6. cxd4 Bb4+ 7. Bd2 Bxd2+ 8.
Qxd2 O-O 9. Nc3 Nxc3 10. bxc3 d5 11. Bd3 f6 12. O-O Bg4 13. exf6 Qxf6 14. Be2
Rae8 15. Rae1 Qg6 16. Nh4 Qh5 17. Bxg4 Qxg4 1/2-1/2

[Event "BEL-chT 1213"]
[Site "Belgium"]
[Date "2012.10.07"]
[Round "2.5"]
[White "Broekmeulen, Jasper"]
[Black "Godart, Francois"]
[Result "0-1"]
[WhiteElo "2410"]
[BlackElo "2319"]
[PlyCount "102"]
[EventDate "2012.09.23"]
[EventType "team-tourn"]
[EventRounds "11"]
[EventCountry "BEL"]
[SourceTitle "CBM 150 Extra"]
[Source "ChessBase"]
[SourceDate "2012.10.19"]
[SourceVersion "1"]
[SourceVersionDate "2012.10.19"]
[SourceQuality "1"]
[WhiteTeam "Amay"]
[BlackTeam "CREC"]
[WhiteTeamCountry "BEL"]
[BlackTeamCountry "BEL"]

1. e4 e5 2. Nf3 Nc6 3. c3 d5 4. Qa4 f6 5. Bb5 Nge7 6. exd5 Qxd5 7. O-O e4 8.
Nd4 Bd7 9. Nxc6 Nxc6 10. Re1 O-O-O 11. Na3 a6 12. Bc4 Qf5 13. Qc2 Ne5 14. Qxe4
Qxe4 15. Rxe4 Bxa3 16. bxa3 Bf5 17. Rf4 Nxc4 18. Rxc4 Rhe8 19. g4 Re1+ 20. Kg2
Be6 21. Rd4 Rxd4 22. cxd4 Bxg4 23. Bb2 Rxa1 24. Bxa1 Be6 25. Kf3 Bxa2 26. Bc3
Kd7 27. Bb4 Ke6 28. Bf8 g6 29. Bh6 a5 30. Bf4 Kd7 31. Ke4 b5 32. d5 b4 33. axb4
axb4 34. Kd4 Bxd5 35. d3 Be6 36. Kc5 b3 37. Bc1 g5 38. Bb2 f5 39. Kd4 Kc6 40.
Ke5 Bc8 41. Kf6 g4 42. Ke5 Kb5 43. Kd4 Kb4 44. Ke3 h5 45. Kf4 c5 46. Ke3 Ba6
47. Kd2 f4 48. d4 cxd4 49. Bxd4 Ka3 50. Be5 b2 51. Kc2 Bd3+ 0-1

[Event "Cerdanyola del Valles op 30th"]
[Site "Cerdanyola del Valles"]
[Date "2012.10.06"]
[Round "2"]
[White "Martinez Arca, Manuel"]
[Black "Garcia Valero, Mario"]
[Result "1-0"]
[WhiteElo "1870"]
[BlackElo "1945"]
[PlyCount "67"]
[EventDate "2012.09.29"]
[EventType "swiss"]
[EventRounds "8"]
[EventCountry "ESP"]
[SourceTitle "EXT 2014"]
[Source "ChessBase"]
[SourceDate "2013.11.20"]
[SourceVersion "1"]
[SourceVersionDate "2013.11.20"]
[SourceQuality "1"]

1. e4 e5 2. Nf3 Nc6 3. c3 Nf6 4. d4 exd4 5. e5 Ne4 6. Qe2 Nc5 7. cxd4 Ne6 8. d5
Ned4 9. Nxd4 Nxd4 10. Qe4 c5 11. d6 g6 12. Nc3 Bg7 13. Bc4 O-O 14. Nd5 Nc6 15.
f4 Rb8 16. Nc7 a6 17. a4 Qh4+ 18. g3 Qh3 19. Be3 b5 20. axb5 axb5 21. Bd5 Bb7
22. Bxc5 h5 23. Kf2 b4 24. b3 Kh7 25. Ra4 f6 26. e6 dxe6 27. Bxc6 Bxc6 28. Qxc6
e5 29. Qe4 exf4 30. Qxf4 Bh6 31. Qe4 Rf7 32. Qe6 Qxe6 33. Nxe6 Bd2 34. Rd1 1-0

[Event "VI Obert d'escacs Santa Eulalia de RonÃ"]
[Site "Santa Eulalia de Ronçana"]
[Date "2012.10.06"]
[Round "1.8"]
[White "Martinez Perez, Sergio"]
[Black "Sola Montoya, Josep"]
[Result "0-1"]
[WhiteElo "1329"]
[BlackElo "1616"]
[PlyCount "50"]
[EventDate "2012.10.06"]
[EventRounds "8"]
[EventCountry "ESP"]
[SourceTitle "OM OTB B 201907"]
[Source "Opening Master"]
[SourceDate "2019.07.06"]
[SourceVersion "2"]
[SourceVersionDate "2019.07.06"]
[SourceQuality "1"]

1. e4 e5 2. Nf3 Nc6 3. c3 Nf6 4. d4 exd4 5. e5 Nd5 6. cxd4 Bb4+ 7. Bd2 O-O 8.
Qb3 Bxd2+ 9. Nbxd2 Nce7 10. Bd3 d6 11. exd6 Qxd6 12. Ne4 Qb4+ 13. Qxb4 Nxb4 14.
Bb1 Ng6 15. a3 Nd5 16. O-O b6 17. Ba2 Bb7 18. Rab1 Ndf4 19. Nc3 Bxf3 20. gxf3
Rad8 21. Rbd1 Nh4 22. Nb5 Nxf3+ 23. Kh1 c6 24. Nxa7 Rd6 25. Rc1 Rh6 0-1

[Event "IND-ch 50th"]
[Site "Kolkata"]
[Date "2012.10.03"]
[Round "3"]
[White "Karthikeyan, Murali"]
[Black "Vidit, Santosh Gujrathi"]
[Result "0-1"]
[WhiteElo "2299"]
[BlackElo "2501"]
[PlyCount "96"]
[EventDate "2012.10.01"]
[EventType "swiss"]
[EventRounds "13"]
[EventCountry "IND"]
[SourceTitle "CBM 150 Extra"]
[Source "ChessBase"]
[SourceDate "2012.10.19"]
[SourceVersion "1"]
[SourceVersionDate "2012.10.19"]
[SourceQuality "1"]

1. e4 e5 2. Nf3 Nc6 3. c3 d5 4. Qa4 f6 5. Bb5 Nge7 6. exd5 Qxd5 7. O-O e4 8.
Nd4 Bd7 9. Nxc6 Bxc6 10. Bxc6+ Nxc6 11. Re1 f5 12. d4 Bd6 13. Qb3 Qxb3 14. axb3
Kd7 15. b4 b5 16. Nd2 a5 17. bxa5 Nxa5 18. f3 exf3 19. Nxf3 Nb3 20. Rxa8 Rxa8
21. Bg5 h6 22. Bh4 g5 23. Bf2 Ra2 24. Ne5+ Bxe5 25. Rxe5 Ra1+ 26. Re1 Kd6 27.
Rxa1 Nxa1 28. Kf1 Kd5 29. Ke2 Ke4 30. h4 Nb3 31. hxg5 hxg5 32. Kd1 Na5 33. Ke2
Nc4 34. b3 Na5 35. b4 Nc4 36. g3 c6 37. Be1 f4 38. gxf4 gxf4 39. Bh4 f3+ 40.
Kf2 Ne3 41. Be7 Nd1+ 42. Kf1 Nxc3 43. Bc5 Ne2 44. Kf2 Nxd4 45. Bd6 Ne6 46. Be7
Nf4 47. Bd6 Nd3+ 48. Kg3 Ke3 0-1

[Event "corr RemoteSchachS7E-144"]
[Site "www.remoteschach.de"]
[Date "2012.10.03"]
[Round "?"]
[White "Rohde, Hans Juergen"]
[Black "Wittig, Frank"]
[Result "0-1"]
[WhiteElo "1667"]
[BlackElo "2317"]
[PlyCount "42"]
[EventDate "2012.??.??"]
[EventType "tourn (corr)"]
[SourceTitle "OM Corr 202003"]
[Source "Opening Master"]
[SourceDate "2019.05.30"]
[SourceVersion "2"]
[SourceVersionDate "2019.05.30"]
[SourceQuality "1"]

1. e4 e5 2. Nf3 Nc6 3. c3 d5 4. d4 dxe4 5. Ng5 exd4 6. Nxe4 Qe7 7. f3 f5 8. Bg5
Nf6 9. Bd3 fxe4 10. fxe4 Qe5 11. Bh4 Bc5 12. Bg3 Qe7 13. b4 Bg4 14. Qd2 Nxe4
15. Bxe4 Qxe4+ 16. Kf1 dxc3 17. Nxc3 O-O+ 18. Bf2 Rxf2+ 19. Qxf2 Qd3+ 20. Ne2
Bxe2+ 21. Qxe2 Rf8+ 0-1

[Event "corr desc"]
[Site "www.desc-online.de"]
[Date "2012.10.01"]
[Round "1"]
[White "Rensburg, Johann van"]
[Black "Mueller, Bernd"]
[Result "1-0"]
[WhiteElo "2315"]
[BlackElo "1802"]
[PlyCount "67"]
[EventDate "2012.??.??"]
[EventType "tourn (corr)"]
[SourceTitle "OM Corr 202003"]
[Source "Opening Master"]
[SourceDate "2019.05.30"]
[SourceVersion "2"]
[SourceVersionDate "2019.05.30"]
[SourceQuality "1"]

1. e4 e5 2. Nf3 Nc6 3. c3 Nf6 4. d4 d5 5. Nxe5 Nxe5 6. dxe5 Nxe4 7. Nd2 Qe7 8.
Nf3 c6 9. Bd3 f6 10. O-O fxe5 11. Re1 Bf5 12. c4 a6 13. Be3 Qd6 14. cxd5 cxd5
15. Qa4+ Bd7 16. Qb3 Be7 17. Rad1 Nf6 18. Nxe5 O-O 19. Bf4 Nh5 20. Qxb7 Be6 21.
Bc1 Rfb8 22. Qc6 Rc8 23. Qa4 Qb4 24. Bc2 Bd6 25. Nc6 Qxa4 26. Bxa4 Bf7 27. Ne7+
Bxe7 28. Rxe7 Nf6 29. Be3 Bg6 30. Bd4 Bc2 31. Bxc2 Rxc2 32. h3 Rf8 33. Re6 Nh5
34. g3 1-0

[Event "CP-2012-P-00016"]
[Site "Lechenicher SchachServer"]
[Date "2012.10.01"]
[Round "?"]
[White "Jozefini, Lubor"]
[Black "Herzog, Klaus"]
[Result "0-1"]
[WhiteElo "1788"]
[BlackElo "1855"]
[PlyCount "74"]
[EventDate "2012.10.05"]
[SourceTitle "OM Corr 202003"]
[Source "Opening Master"]
[SourceDate "2019.05.30"]
[SourceVersion "2"]
[SourceVersionDate "2019.05.30"]
[SourceQuality "1"]

1. e4 e5 2. Nf3 Nc6 3. c3 d5 4. Qa4 Bd7 5. exd5 Nd4 6. Qd1 Nxf3+ 7. Qxf3 Nf6 8.
c4 Bc5 9. Nc3 O-O 10. Bd3 c6 11. h3 cxd5 12. cxd5 Bd4 13. O-O Rc8 14. Re1 Re8
15. Rb1 g6 16. Be4 Qb6 17. b3 Nh5 18. Na4 Qd6 19. g4 f5 20. gxf5 Rf8 21. Bb2
Bxf5 22. Bxd4 exd4 23. Bxf5 Rxf5 24. Qg4 Nf4 25. h4 b5 26. Nb2 Qxd5 27. Kh2 Rc2
28. Qg3 Rxd2 29. Nd1 Rd3 30. Re8+ Kf7 31. Re3 dxe3 32. Nxe3 Rxe3 33. fxe3 Ne2
34. Qg2 Qe5+ 35. Kh1 Qe7 36. Qxe2 Qxh4+ 37. Kg1 Rg5+ 0-1

[Event "Buryatia-ch"]
[Site "Ulan Ude"]
[Date "2012.09.28"]
[Round "7"]
[White "Badmatsyrenov, Alexander"]
[Black "Malanova, Aryuna"]
[Result "1-0"]
[WhiteElo "2236"]
[BlackElo "1892"]
[PlyCount "47"]
[EventDate "2012.09.22"]
[EventType "swiss"]
[EventRounds "9"]
[EventCountry "RUS"]
[SourceTitle "CBM 150 Extra"]
[Source "ChessBase"]
[SourceDate "2012.10.19"]
[SourceVersion "1"]
[SourceVersionDate "2012.10.19"]
[SourceQuality "1"]

1. e4 e5 2. Nf3 Nc6 3. c3 Nf6 4. d4 exd4 5. e5 Nd5 6. cxd4 Bb4+ 7. Nbd2 O-O 8.
Bd3 Nf4 9. Bb1 d6 10. Qc2 Ng6 11. h4 f5 12. exf6 Rxf6 13. h5 Nf8 14. O-O d5 15.
Qb3 Kh8 16. Ne5 a5 17. Ndf3 Nxe5 18. Nxe5 h6 19. g4 Qe8 20. g5 hxg5 21. Bxg5
Qxh5 22. Qg3 Rb6 23. Kg2 Kg8 24. Rh1 1-0

[Event "Sentjur Ipavec Memorial 13th"]
[Site "Sentjur"]
[Date "2012.09.26"]
[Round "9"]
[White "Brinovec, Dusan"]
[Black "Bratkovic, Sham"]
[Result "1-0"]
[WhiteElo "2208"]
[BlackElo "1937"]
[PlyCount "111"]
[EventDate "2012.09.19"]
[EventType "swiss"]
[EventRounds "9"]
[EventCountry "SLO"]
[SourceTitle "EXT 2015"]
[Source "ChessBase"]
[SourceDate "2014.11.20"]
[SourceVersion "1"]
[SourceVersionDate "2014.11.20"]
[SourceQuality "1"]

1. e4 e5 2. Nf3 Nc6 3. c3 d5 4. Qa4 f6 5. Bb5 Nge7 6. exd5 Qxd5 7. d4 e4 8. c4
Qd7 9. Bxc6 Nxc6 10. d5 Nb4 11. Qxd7+ Bxd7 12. Nd4 Bc5 13. Nb3 Nd3+ 14. Kd2
Bxf2 15. Nc3 Bf5 16. Nb5 O-O-O 17. N3d4 Bg6 18. Ne6 Rd7 19. Kc3 e3 20. Nxa7+
Kb8 21. Nb5 e2 22. Bd2 e1=Q 23. Bxe1 Bxe1+ 24. Rhxe1 Nxe1 25. Rxe1 Re8 26. Nbd4
Bf7 27. Rf1 Bxe6 28. dxe6 Rxd4 29. Kxd4 Rxe6 30. Rf2 b6 31. b4 Kb7 32. a4 Re5
33. b5 c6 34. Ra2 Rh5 35. Re2 cxb5 36. axb5 Rg5 37. Re7+ Kc8 38. g3 h5 39. Rf7
Kb8 40. Re7 Kc8 41. Ke4 Rc5 42. Rxg7 Rxc4+ 43. Kf5 Rc5+ 44. Kxf6 Rxb5 45. h4
Kd8 46. Rg8+ Kd7 47. Rg5 Rb3 48. Kg6 Ke7 49. Kxh5 Kf7 50. Kh6 b5 51. g4 Rb1 52.
Rg7+ Kf8 53. h5 b4 54. Rb7 b3 55. g5 b2 56. Rb8+ 1-0

[Event "corr freechess 2012"]
[Site "freechess.de"]
[Date "2012.09.26"]
[Round "?"]
[White "Priegnitz, Uwe"]
[Black "Tschoepe, Frank"]
[Result "0-1"]
[WhiteElo "1304"]
[BlackElo "1458"]
[PlyCount "98"]
[EventDate "2012.??.??"]
[EventType "tourn (corr)"]
[SourceTitle "OM Corr 202003"]
[Source "Opening Master"]
[SourceDate "2019.05.30"]
[SourceVersion "2"]
[SourceVersionDate "2019.05.30"]
[SourceQuality "1"]

1. e4 e5 2. Nf3 Nc6 3. c3 Bc5 4. Bc4 Nf6 5. Qc2 O-O 6. O-O d6 7. d4 exd4 8.
cxd4 Nxd4 9. Nxd4 Bxd4 10. Bg5 h6 11. Bd2 Be6 12. Bd3 Qd7 13. Nc3 Rae8 14. Rae1
a6 15. Ne2 Bb6 16. Nf4 Nh7 17. Bc3 Ng5 18. Nh5 f6 19. e5 fxe5 20. h4 Nf7 21.
Bg6 Re7 22. Rd1 Nh8 23. Bh7+ Kf7 24. Ng3 Ke8 25. Qe4 Qc6 26. Qd3 Rf4 27. h5 Nf7
28. Bg6 Kd7 29. Be4 Qc5 30. Rd2 Ng5 31. Bxb7 Rg4 32. b4 Rxg3 33. bxc5 Rxd3 34.
Rxd3 Bxc5 35. Bxa6 Ne4 36. Bxe5 Bf5 37. Bb5+ c6 38. Bc4 d5 39. Bxd5 cxd5 40.
Rxd5+ Kc6 41. Rfd1 Bxf2+ 42. Kf1 Bh4 43. R5d4 Rxe5 44. Rc1+ Kb5 45. a4+ Kb6 46.
Rb1+ Kc5 47. Rdd1 Nc3 48. Rdc1 Bd3+ 49. Kg1 Bxb1 0-1

[Event "56. LSS No Engine Cup Final"]
[Site "Lechenicher SchachServer"]
[Date "2012.09.24"]
[Round "?"]
[White "Cossmann, Robert"]
[Black "Gavrileteanu, Lucian"]
[Result "1-0"]
[WhiteElo "2052"]
[BlackElo "1768"]
[PlyCount "95"]
[EventDate "2012.09.25"]
[SourceTitle "OM Corr 202003"]
[Source "Opening Master"]
[SourceDate "2019.05.30"]
[SourceVersion "2"]
[SourceVersionDate "2019.05.30"]
[SourceQuality "1"]

1. e4 e5 2. Nf3 Nc6 3. c3 Nf6 4. d4 d5 5. Bb5 exd4 6. e5 Ne4 7. cxd4 Bd7 8. Nc3
Bb4 9. Qb3 O-O 10. O-O Bxc3 11. bxc3 Bf5 12. Re1 Na5 13. Qc2 Nd6 14. Bd3 Bxd3
15. Qxd3 Ne4 16. g3 Nc4 17. Nh4 b5 18. a4 c6 19. f3 Ng5 20. axb5 cxb5 21. Bxg5
Qxg5 22. Ra6 Qe7 23. f4 Qb7 24. Rea1 Rfe8 25. f5 Qd7 26. f6 Re6 27. fxg7 Kxg7
28. Qe2 Kh8 29. Rxe6 fxe6 30. Rf1 Qg7 31. Qh5 Kg8 32. Rf6 Ne3 33. Qf3 Nc2 34.
Qd3 Na3 35. Ng6 Re8 36. Nf4 Qg4 37. h3 Qg5 38. Qf3 Nc4 39. h4 Nd2 40. Qg2 Qg4
41. Qxd2 Qxg3+ 42. Qg2 Qxg2+ 43. Kxg2 a5 44. Nxe6 Rc8 45. Nf4 Rxc3 46. e6 Rc2+
47. Kg3 Rc3+ 48. Kg4 1-0

[Event "SLO-chT 1st League Central"]
[Site "Ljubljana"]
[Date "2012.09.23"]
[Round "3.3"]
[White "Abe, Aljaz"]
[Black "Kveder, Bozidar"]
[Result "1-0"]
[WhiteElo "1635"]
[BlackElo "1654"]
[PlyCount "29"]
[EventDate "2012.09.06"]
[EventType "team-swiss"]
[EventRounds "9"]
[EventCountry "SLO"]
[SourceTitle "OM OTB B 201907"]
[Source "Opening Master"]
[SourceDate "2019.07.06"]
[SourceVersion "2"]
[SourceVersionDate "2019.07.06"]
[SourceQuality "1"]
[WhiteTeam "Loka Pri Mengsu"]
[BlackTeam "Bor Dob"]
[WhiteTeamCountry "SLO"]
[BlackTeamCountry "SLO"]

1. e4 e5 2. Nf3 Nc6 3. c3 d5 4. Bb5 Bg4 5. Qa4 Qd6 6. exd5 Qxd5 7. Bxc6+ bxc6
8. Qxg4 Nh6 9. Qa4 Bd6 10. O-O O-O 11. d3 Nf5 12. Qe4 Qe6 13. Ng5 Qf6 14. g4
Nh4 15. Qxh7# 1-0

[Event "FICGS__CHESS__CLASS_F__000116"]
[Site "FICGS"]
[Date "2012.09.23"]
[Round "1"]
[White "Melquiades, Jay"]
[Black "Dotti Contra, Alessandro"]
[Result "1-0"]
[WhiteElo "1003"]
[BlackElo "1117"]
[PlyCount "85"]
[EventDate "2012.??.??"]

1. e4 e5 2. Nf3 Nc6 3. c3 Nf6 4. d3 d5 5. Bg5 Be7 6. Nbd2 O-O 7. d4 Bg4 8. h3
Bh5 9. g4 Bg6 10. dxe5 Nxe4 11. Bxe7 Nxe7 12. Rg1 Nc5 13. e6 fxe6 14. h4 Bd3
15. Bxd3 Nxd3+ 16. Ke2 Nf4+ 17. Ke1 Qd6 18. g5 g6 19. Nf1 Nh3 20. Rg3 Nf4 21.
Rg4 e5 22. h5 Nxh5 23. Qe2 Nc6 24. Ne3 e4 25. Nd4 Nxd4 26. cxd4 Qb4+ 27. Kf1
Qxd4 28. Rd1 Qe5 29. Qb5 Ng3+ 30. Ke1 Nh1 31. Rxd5 Qh2 32. Rg2 Qh4 33. Rd2 Rab8
34. Rg4 Rf5 35. Qb3+ Kg7 36. Rd7+ Kf8 37. Qb4+ Kg8 38. Rxh4 Nxf2 39. Qc4+ Kf8
40. Nxf5 Nd3+ 41. Kd2 Ne5 42. Qc5+ Ke8 43. Qe7# 1-0